History Quiz

Random History or War Quiz
Score 0/21 Timer 05:00
0 Plays Today
Number of recipients Country % Correct
771United Kingdom
100%
96Australia
98.1%
29India
97.5%
188Ireland
96.3%
94Canada
95.7%
25New Zealand
95.7%
22South Africa
92%
5United States
87.7%
11Nepal
82.7%
3Denmark
71.6%
4Zimbabwe
62.3%
Number of recipients Country % Correct
2Germany
60.5%
1Jamaica
59.3%
1Sweden
58%
1Belgium
56.2%
1Fiji
52.5%
1Kenya
51.9%
1Switzerland
49.4%
1Sri Lanka
41.4%
1Grenada
31.5%
1Ukraine
15.4%
Remove Ads.
Support Sporcle.
Get the best of Sporcle when you Go Orange. This ad-free experience offers more features, more stats, and more fun while also helping to support Sporcle. Thank you for becoming a member.

You're not logged in!

Compare scores with friends on all Sporcle quizzes.
OR
Log In

Show Comments

Extras

Top Quizzes Today


Score Distribution

Your Account Isn't Verified!

In order to create a playlist on Sporcle, you need to verify the email address you used during registration. Go to your Sporcle Settings to finish the process.

Report this User

Report this user for behavior that violates our Community Guidelines.

Details: